| 000 | 00541nam a22001817a 4500 | ||
|---|---|---|---|
| 003 | NUST | ||
| 005 | 20260416163349.0 | ||
| 008 | 260416b ||||| |||| 00| 0 eng d | ||
| 020 | _a0-07-100560-9 | ||
| 082 |
_a621.38043 _bBRU |
||
| 100 |
_aA. Bruce Carlson. _9126014 |
||
| 245 |
_aCommunication Systems: An Introduction to Signals and Noise in Electrical Communication _cA. Bruce Carlson. |
||
| 250 | _a3rd Edition | ||
| 260 |
_aSingapore: _bMcGraw Hill, _c1986. |
||
| 300 |
_a686 p ; _c26.2 cm |
||
| 563 | _aPaperback | ||
| 942 |
_2ddc _cBK |
||
| 999 |
_c617142 _d617142 |
||